MARC

Tag First Indicator Second Indicator Subfields
LEADER 00000cam a2200000 a 4500
001 in00002425188
005 20151109163846.0
008 070605s2007 ne a bc 000 0 eng d
020 |a 9789073362758 
020 |a 907336275X 
035 |a (OCoLC)ocn150335196 
040 |a NLGGC  |c NLGGC  |d IQU  |d TXA  |d UtOrBLW 
049 |a TXAM 
090 |a N6797.S25  |b A4 2007 
100 1 |a Salmon, Margaret,  |d 1975- 
245 1 0 |a Margaret Salmon /  |c [essays by Bina von Stauffenberg, Raymond Carver, and André Bazin ; interview by Zoë Gray]. 
264 1 |a Rotterdam :  |b Witte de With,  |c 2007. 
300 |a 79 pages :  |b illustrations ;  |c 20 cm. 
336 |a text  |b txt  |2 rdacontent 
337 |a unmediated  |b n  |2 rdamedia 
338 |a volume  |b nc  |2 rdacarrier 
490 1 |a Source book ;  |v 3/2007 
500 |a Accompanies an exhibition held at Witte de With, Rotterdam, 20 May-19 August 2007. 
504 |a Includes bibliographical references (page 72). 
600 1 0 |a Salmon, Margaret,  |d 1975-  |v Exhibitions. 
600 1 0 |a Salmon, Margaret,  |d 1975-  |v Interviews. 
650 0 |a Video art  |v Exhibitions. 
700 1 |a Stauffenberg, Bina von. 
700 1 2 |a Carver, Raymond.  |t Everything stuck to him. 
700 1 2 |a Bazin, André,  |d 1918-1958.  |t Qu'est-ce que le cinéma?.  |k Selections.  |l English. 
700 1 |a Gray, Zoë,  |d 1978- 
710 2 |a Witte de With, centrum voor hedendaagse kunst. 
830 0 |a Source book (Witte de With, centrum voor hedendaagse kunst) ;  |v 3/2007. 
948 |a cataloged  |b h  |c 2008/10/27  |d c  |e dmitchel  |f 11:10:20 am 
994 |a C0  |b TXA 
999 |a MARS 
999 f f |s ac017499-eaf1-3d88-9bec-ac69667a011b  |i e5d04b68-731a-3d90-ad04-cb41cdc0c764  |t 0 
952 f f |p normal  |a Texas A&M University  |b College Station  |c Sterling C. Evans Library  |d Evans: Library Stacks  |t 0  |e N6797.S25 A4 2007  |h Library of Congress classification  |i unmediated -- volume  |m A14836647950 
998 f f |a N6797.S25 A4 2007  |t 0  |l Evans: Library Stacks